LEADER 01318nam a2200301 i 4500 001 000000099263 003 CaOOAMICUS 005 20090603000000.0 008 090603s1990 it u000 u ita u 013 $a71415 020 $a88-365-0405-1 040 $aSeMil$bita 100 1 $aBellingeri, Giampiero.$0(OLS)http://semarc/name/43215 245 10$aTurchia /$cGiampiero Bellingeri ; Giovanni Curatola [e] Annapaola Zaccaria Ruggiu ; fotografie di Pepito Torres ; impaginazione di Bob Noorda. 260 $aMilano :$bTouring Club Italiano,$c1990. 300 $a260 p. :$briccamente ill. ;$c30 cm. 500 $aIn custodia con : Israele. 650 4$aTurchia.$0(OLS)http://semarc/subject/16320 700 1 $aCuratola, Giovanni.$0(OLS)http://semarc/name/43216 700 1 $aNoorda, Bob <1927-2010>.$0(OLS)http://semarc/name/43219 700 1 $aTorres, Pepito.$0(OLS)http://semarc/name/43218 700 1 $aZaccaria Ruggiu, Annapaola.$0(OLS)http://semarc/name/43217 850 $aSeMil 852 $aSeMil$W1$xVenegono$y1$m5W VII 9$j56835$B56835$CSeMilBibl$Z2$F66774 $8I 961 $aOmaggio: Altro 996 $6020$a88-365-0405-1$9(OLS)http://semarc/number/79426 996 $6245$aTurchia$9(OLS)http://semarc/title/146848 996 $6260$aMilano :$bTouring Club Italiano$9(OLS)http://semarc/publisher/29688 LEADER 01405nam a2200289 i 4500 001 000000057310 003 CaOOAMICUS 005 20050404000000.0 008 050404s1995 it u000 u ita u 013 $a28482 020 $a8876105417 040 $aSeMil$bita 245 12$aL'apostolo e la sua comunitā :$bun "dialogo" con la Prima lettera di Paolo ai cristiani di Corinto /$cE. Bianchi ... [et al.]. 260 $aMilano :$bĀncora,$c1995. 300 $a176 p. ;$c19 cm. 490 0 $aStrumenti per il lavoro pastorale ;$v16 500 $aLa num. del vol. č presa da catalogo. 650 4$aApostolato - Spiritualitā.$0(OLS)http://semarc/subject/7685 650 4$aBibbia. Nuovo Testamento. Lettera ai Corinzi. 1. - Commentari, studi, critica, interpretazioni.$0(OLS)http://semarc/subject/171 700 1 $aBianchi, Enzo,$d<1943- >.$0(OLS)http://semarc/name/367 830 0$aStrumenti per il lavoro pastorale ;$v16.$0(OLS)http://semarc/title/7227 850 $aSeMil 852 $aSeMil$W1$xVenegono$y1$m2F I 348$j23464$B23464$CSeMilBibl$Z2$F23466 $81 961 $aOmaggio: Mezzanotti mons. Alessandro 996 $6020$a8876105417$9(OLS)http://semarc/number/32610 996 $6245$aL'apostolo e la sua comunitā :$bun "dialogo" con la Prima lettera di Paolo ai cristiani di Corinto$9(OLS)http://semarc/title/89177 996 $6260$aMilano :$bĀncora$9(OLS)http://semarc/publisher/29763